00330nam a2200121 a 4500001000400000003000500004005001700009008004100026040002000067100002500087245007600112260002000188260CDMR20130116135153.0130130s1975||||||||||||||||||||||||||||d aCDMRbcatcCDMR1 aBayerri Raga, José10aApuntes para una historia del periodismo tortosinocJosé Bayerri Raga aBarcelonac1975